Bali & Lombok / (Record no. 6376)

MARC details
000 -LEADER
fixed length control field 03637nam a22002897a 4500
001 - CONTROL NUMBER
control field 6376
003 - CONTROL NUMBER IDENTIFIER
control field FISKH
005 - DATE AND TIME OF LATEST TRANSACTION
control field 20250425103959.0
008 - FIXED-LENGTH DATA ELEMENTS--GENERAL INFORMATION
fixed length control field 250425b cb ||||| |||| 00| 0 eng d
020 ## - INTERNATIONAL STANDARD BOOK NUMBER
International Standard Book Number 9781741797046
040 ## - CATALOGING SOURCE
Original cataloging agency FISKH
Language of cataloging eng
Transcribing agency FISKH
Modifying agency FISKH
050 ## - LIBRARY OF CONGRESS CALL NUMBER
Classification number DS647.B2 V47
082 ## - DEWEY DECIMAL CLASSIFICATION NUMBER
Classification number 915.986
100 ## - MAIN ENTRY--PERSONAL NAME
Personal name Berkmoes, Ryan Ver
245 ## - TITLE STATEMENT
Title Bali & Lombok /
Statement of responsibility, etc. By Ryan Ver Berkmoes, Adam Skolnic and Marian Carroll
250 ## - EDITION STATEMENT
Edition statement First published , January 1984
260 ## - PUBLICATION, DISTRIBUTION, ETC.
Place of publication, distribution, etc. Fort Mill :
Name of publisher, distributor, etc. Lonely Planet ,
Date of publication, distribution, etc. 2011.
300 ## - PHYSICAL DESCRIPTION
Extent 415 pages :
Other physical details illustrations ;
Dimensions 20 cm .
490 ## - SERIES STATEMENT
Series statement Lonely Planet
520 ## - SUMMARY, ETC.
Summary, etc. Lonely Planet's Bali, Lombok & Nusa Tenggara is your passport to the most relevant, up-to-date advice on what to see and skip, and what hidden discoveries await you. Party in Kuta, discover Jimbaran seafood, and hike Rinjani; all with your trusted travel companion. Get to the heart of Bali, Lombok & Nusa Tenggara and begin your journey now! Inside Lonely Planet's Bali, Lombok & Nusa Tenggara Travel Guide: Up-to-date information - all businesses were rechecked before publication to ensure they are still open after 2020's COVID-19 outbreak NEW top experiences feature - a visually inspiring collection of Bali, Lombok & Nusa Tenggara's best experiences and where to have them What's NEW feature taps into cultural trends and helps you find fresh ideas and cool new areas NEW pull-out, passport-size 'Just Landed' card with wi-fi, ATM and transport info - all you need for a smooth journey from airport to hotel Colour maps and images throughout Highlights and itineraries help you tailor your trip to your personal needs and interests Insider tips to save time and money and get around like a local, avoiding crowds and trouble spots Essential info at your fingertips - hours of operation, websites, transit tips, prices Honest reviews for all budgets - eating, sleeping, sightseeing, going out, shopping, hidden gems that most guidebooks miss Cultural insights give you a richer, more rewarding travel experience - history, people, music, landscapes, wildlife, cuisine, politics Over 60 maps Covers Kuta & Southwest Beaches, South Bali & the Islands, Ubud Region, East Bali, Central Mountains, North Bali, West Bali, Lombok, Gili Islands, Nusa Tenggara The Perfect Choice: Lonely Planet's Bali, Lombok & Nusa Tenggara, our most comprehensive guide to Bali, Lombok & Nusa Tenggara, is perfect for both exploring top sights and taking roads less travelled. Looking for just the highlights? Check out Pocket Bali, a handy-sized guide focused on the can't-miss sights for a quick trip. About Lonely Planet: Lonely Planet is a leading travel media company, providing both inspiring and trustworthy information for every kind of traveller since 1973. Over the past four decades, we've printed over 145 million guidebooks and phrasebooks for 120 languages, and grown a dedicated, passionate global community of travellers. You'll also find our content online, and in mobile apps, videos, 14 languages, armchair and lifestyle books, ebooks, and more, enabling you to explore every day. 'Lonely Planet guides are, quite simply, like no other.' - New York Times 'Lonely Planet. It's on everyone's bookshelves; it's in every traveller's hands. It's on mobile phones. It's on the Internet. It's everywhere, and it's telling entire generations of people how to travel the world.' - Fairfax Media (Australia.)
650 ## - SUBJECT ADDED ENTRY--TOPICAL TERM
Topical term or geographic name entry element Lonely Planet
Form subdivision Non-fiction
650 ## - SUBJECT ADDED ENTRY--TOPICAL TERM
Topical term or geographic name entry element Bali
Form subdivision Non-fiction
700 ## - ADDED ENTRY--PERSONAL NAME
Personal name Skolnick, Adam
Relator term Illustrator
700 ## - ADDED ENTRY--PERSONAL NAME
Personal name Carroll, Marian
Relator term illustrator
942 ## - ADDED ENTRY ELEMENTS (KOHA)
Source of classification or shelving scheme Dewey Decimal Classification
Koha item type Books
Suppress in OPAC No
Holdings
Withdrawn status Lost status Source of classification or shelving scheme Damaged status Not for loan Collection Home library Current library Shelving location Date acquired Total Checkouts Full call number Barcode Date last seen Price effective from Koha item type
    Dewey Decimal Classification     Non-Fiction Footprints International School Library Network Toul Tom Poung Campus Footprints International School Library Network Toul Tom Poung Campus TTP Secondary Non-Fiction Bookshelves 04/25/2025   BER 915.986 DS647.B2 V47 2025-1126 04/25/2025 04/25/2025 Books